|
|
|
|
| LEADER |
01041nam a2200265 a 4500 |
| 001 |
46 |
| 003 |
BD-DhAAL |
| 008 |
090407s1972 nyua b 001 0 eng d |
| 999 |
|
|
|c 147
|d 147
|
| 010 |
|
|
|a 70182657
|
| 020 |
|
|
|a 0124509509
|
| 040 |
|
|
|a DLC
|c DLC
|d DLC
|d BD-DhAAL
|
| 050 |
0 |
0 |
|a BF455
|b .L494
|
| 082 |
0 |
0 |
|a 153
|
| 100 |
1 |
|
|a Lindsay, Peter H.
|9 41361
|
| 245 |
0 |
0 |
|a Human information processing;
|b an introduction to psychology /
|c Peter H. Lindsay and Donald A. Norman.
|
| 260 |
|
|
|a New York,
|b Academic Press,
|c [1972]
|
| 300 |
|
|
|a xxvii, 737 pages :
|b illustrations ;
|c 24 cm.
|
| 504 |
|
|
|a Includes bibliographical references (pages 687-711).
|
| 541 |
1 |
|
|e 46
|
| 650 |
|
0 |
|a Human information processing.
|9 41362
|
| 700 |
1 |
|
|a Norman, Donald A.,
|e joint author.
|9 41363
|
| 852 |
|
|
|a Ayesha Abed Library
|j General Stacks
|
| 942 |
|
|
|2 ddc
|c BK
|
| 952 |
|
|
|0 0
|1 0
|2 ddc
|4 0
|6 153_LIN
|7 0
|9 134
|a BRACUL
|b BRACUL
|c GEN
|d 2009-04-28
|g 0.00
|l 2
|m 15
|o 153 LIN
|p 3010000046
|q 2023-03-27
|r 2020-01-28
|s 2020-01-28
|t 1
|w 2009-04-28
|y BK
|x No price found in the accession register.
|